000 00398nam a2200133Ia 4500
008 151015s9999 xx 000 0 und d
020 _a130600881
050 _aTK454 .J56 1986
245 _aJohnson,David E
250 _a_Basic electric circuit analysis.-3rd ed. David E. Johnson
300 _aNew Jersey Prentice hall 1986
650 _a_Electric circuit
700 _a^d20130517 01:17:12^oanne
999 _c4512
_d4512